[Event "Oberliga Bayern 0607"]
[Site "Bayern"]
[Date "2007.04.22"]
[Round "9.8"]
[White "Schaffranietz, Horst"]
[Black "Otte, Marco"]
[Result "0-1"]
[WhiteElo "1890"]
[BlackElo "2180"]
[PlyCount "92"]
[EventDate "2006.10.15"]
[EventType "team-tourn"]
[EventRounds "9"]
[EventCountry "GER"]
[SourceTitle "EXT 2008"]
[Source "ChessBase"]
[SourceDate "2007.11.25"]
[SourceVersion "1"]
[SourceVersionDate "2007.11.25"]
[SourceQuality "1"]
[WhiteTeam "Pasing"]
[BlackTeam "Muenchen Tarrasch"]
[WhiteTeamCountry "GER"]
[BlackTeamCountry "GER"]

1. e4 c5 2. Nf3 e6 3. d4 cxd4 4. Nxd4 a6 5. c4 Qc7 6. Nc3 Nf6 7. Bg5 Be7 8. Qd2 h6 9. Bf4 d6 10. Nf3 Nbd7 11. 0-0-0 e5 12. Be3 Nc5 13. Bd3 Be6 14. Kb1 Nxd3 15. Qxd3 Qxc4 16. Qxc4 Bxc4 17. Nd2 Be6 18. Bb6 Bd8 19. Bxd8 Rxd8 20. f3 0-0 21. Rhe1 Rfe8 22. Nf1 d5 23. exd5 Nxd5 24. Nxd5 Rxd5 25. Rxd5 Bxd5 26. Ne3 Be6 27. Rd1 f6 28. Rd6 Kf7 29. Rb6 Re7 30. g4 Ke8 31. Rd6 Bc8 32. Kc2 Rd7 33. Rxd7 Bxd7 34. Kd2 Be6 35. a3 Kd7 36. Kd3 Kd6 37. b4 g6 38. h4 f5 39. h5 f4 40. g5 fxe3 41. Kxe3 gxh5 42. gxh6 Bf5 43. f4 h4 44. fxe5+ Kxe5 45. Kf3 Kd4 46. Kf4 h3 0-1

[Event "Oberliga Bayern 0607"]
[Site "Bayern"]
[Date "2006.12.10"]
[Round "4.7"]
[White "Wagner, Florian"]
[Black "Schaffranietz, Horst"]
[Result "1/2-1/2"]
[WhiteElo "2158"]
[BlackElo "1890"]
[PlyCount "48"]
[EventDate "2006.10.15"]
[EventType "team-tourn"]
[EventRounds "9"]
[EventCountry "GER"]
[SourceTitle "EXT 2008"]
[Source "ChessBase"]
[SourceDate "2007.11.25"]
[SourceVersion "1"]
[SourceVersionDate "2007.11.25"]
[SourceQuality "1"]
[WhiteTeam "Nuernberg NT"]
[BlackTeam "Pasing"]
[WhiteTeamCountry "GER"]
[BlackTeamCountry "GER"]

1. e4 e5 2. Nf3 Nc6 3. Bc4 Nf6 4. d4 exd4 5. 0-0 Nxe4 6. Re1 d5 7. Bxd5 Qxd5 8. Nc3 Qa5 9. Rxe4+ Be6 10. Nxd4 0-0-0 11. Be3 Bc5 12. Nce2 Qb6 13. b4 Qxb4 14. Qc1 Nxd4 15. Nxd4 Bxd4 16. Rxd4 Rxd4 17. c3 Rd1+ 18. Qxd1 Qxc3 19. Rc1 Qa5 20. Bf4 Rd8 21. Qh5 Qxh5 22. Rxc7+ Kb8 23. Rd7+ Kc8 24. Rc7+ Kb8 1/2-1/2

[Event "Oberliga Bayern 0607"]
[Site "Bayern"]
[Date "2006.10.15"]
[Round "1.7"]
[White "Schaffranietz, Horst"]
[Black "Priborsky, Jan"]
[Result "0-1"]
[WhiteElo "1890"]
[BlackElo "2286"]
[PlyCount "78"]
[EventDate "2006.10.15"]
[EventType "team-tourn"]
[EventRounds "9"]
[EventCountry "GER"]
[SourceTitle "EXT 2008"]
[Source "ChessBase"]
[SourceDate "2007.11.25"]
[SourceVersion "1"]
[SourceVersionDate "2007.11.25"]
[SourceQuality "1"]
[WhiteTeam "Pasing"]
[BlackTeam "Koetzting"]
[WhiteTeamCountry "GER"]
[BlackTeamCountry "GER"]

1. e4 c5 2. b4 cxb4 3. a3 bxa3 4. Nxa3 e5 5. Nf3 Nc6 6. Bc4 Be7 7. 0-0 Nf6 8. d4 d6 9. Bb2 exd4 10. Nb5 0-0 11. Qe2 Bg4 12. Nbxd4 Ne5 13. Bb3 Nfd7 14. h3 Nxf3+ 15. Nxf3 Bh5 16. Rfe1 Bf6 17. e5 Nxe5 18. Bxe5 Bxe5 19. Rab1 Bxf3 20. Qxf3 b6 21. Bd5 Rc8 22. c4 Rc5 23. Re3 Ra5 24. Qf5 g6 25. Qg4 Kg7 26. f4 f5 27. Qf3 Bf6 28. Rd3 Ra1 29. Rxa1 Bxa1 30. Kh2 Bf6 31. Be6 Re8 32. Bd5 Re1 33. c5 dxc5 34. Be6 Bd4 35. Qb7+ Kh6 36. Qf7 Bg1+ 37. Kh1 Qxd3 38. Qf8+ Kh5 39. g4+ Kh4 0-1

[Event "Regionalliga SW 0506"]
[Site "Bayern"]
[Date "2006.04.02"]
[Round "9.1"]
[White "Schaffranietz, Horst"]
[Black "Maugg, Ludwig"]
[Result "1-0"]
[WhiteElo "1988"]
[BlackElo "1991"]
[PlyCount "55"]
[EventDate "2005.10.23"]
[EventType "team-tourn"]
[EventRounds "9"]
[EventCountry "GER"]
[SourceTitle "EXT 2007"]
[Source "ChessBase"]
[SourceDate "2006.11.23"]
[SourceVersion "1"]
[SourceVersionDate "2006.11.23"]
[SourceQuality "1"]

1. e4 c5 2. b4 cxb4 3. a3 d5 4. exd5 Qxd5 5. Bb2 Nc6 6. axb4 Nxb4 7. Nc3 Qd8 8. Bc4 Nf6 9. Nf3 e6 10. 0-0 Be7 11. Re1 0-0 12. d4 b6 13. Ne5 Bb7 14. Re3 Nbd5 15. Nxd5 Bxd5 16. Bd3 a5 17. Qe2 Bb7 18. c4 Qc7 19. Rh3 g6 20. Rg3 Bd6 21. h4 Bxe5 22. dxe5 Nd7 23. h5 Nc5 24. hxg6 Nxd3 25. gxh7+ Kh8 26. Qxd3 f5 27. exf6 Qf7 28. Rg7 1-0

[Event "Munich-ch VM2"]
[Site "Munich"]
[Date "2006.01.21"]
[Round "2"]
[White "Schaffranietz, Horst"]
[Black "Engl, Heinz"]
[Result "1-0"]
[WhiteElo "1964"]
[BlackElo "2072"]
[PlyCount "71"]
[EventDate "2006.01.20"]
[EventType "tourn"]
[EventRounds "9"]
[EventCountry "GER"]
[SourceTitle "EXT 2007"]
[Source "ChessBase"]
[SourceDate "2006.11.23"]
[SourceVersion "1"]
[SourceVersionDate "2006.11.23"]
[SourceQuality "1"]

1. e4 c5 2. b4 cxb4 3. a3 d5 4. exd5 Qxd5 5. Bb2 e5 6. axb4 Bxb4 7. Qe2 Nc6 8. c3 Be7 9. Na3 Bxa3 10. Bxa3 Nge7 11. Nf3 Bg4 12. h3 Bxf3 13. gxf3 0-0 14. Rg1 Rfe8 15. h4 Ng6 16. Rg4 Rad8 17. Bc1 Nf4 18. Qe4 Qd7 19. Qc4 Kh8 20. Kd1 f5 21. Rxf4 exf4 22. Qxf4 Ne5 23. Rxa7 Nd3 24. Bxd3 Qxd3 25. Rxb7 Qf1+ 26. Kc2 Re1 27. d4 Qa6 28. Qc7 Re2+ 29. Kb3 Qe6+ 30. c4 Rg8 31. d5 Qf6 32. Rb8 Ree8 33. Rxe8 Rxe8 34. Bb2 Qf8 35. Be5 Rc8 36. Bxg7+ 1-0

[Event "Regionalliga SW 0405"]
[Site "Bayern"]
[Date "2005.03.13"]
[Round "8.5"]
[White "Schaffranietz, Horst"]
[Black "Schlinkmeier, Karsten"]
[Result "1-0"]
[WhiteElo "1866"]
[BlackElo "2212"]
[PlyCount "51"]
[EventDate "2004.10.24"]
[EventType "team-tourn"]
[EventRounds "9"]
[EventCountry "GER"]
[SourceTitle "EXT 2007"]
[Source "ChessBase"]
[SourceDate "2006.11.23"]
[SourceVersion "1"]
[SourceVersionDate "2006.11.23"]
[SourceQuality "1"]
[WhiteTeam "Pasing II"]
[BlackTeam "Garching"]
[WhiteTeamCountry "GER"]
[BlackTeamCountry "GER"]

1. e4 d5 2. exd5 Qxd5 3. d4 Nc6 4. Nf3 Bg4 5. Be2 0-0-0 6. Be3 Qa5+ 7. Qd2 Qxd2+ 8. Nbxd2 Nf6 9. Ng5 Nxd4 10. Bxd4 Rxd4 11. Nxf7 Rg8 12. Nb3 Rd5 13. Bc4 Rh5 14. f3 Bd7 15. g4 Rh4 16. 0-0-0 e6 17. Bxe6 Be7 18. Rxd7 Nxd7 19. Rd1 Kb8 20. Rxd7 Re8 21. Rd2 Bd6 22. Nxd6 Rxe6 23. Ne4 Kc8 24. Nd4 Re5 25. Nf5 Rh3 26. Rf2 1-0

[Event "Munich-ch VM1"]
[Site "Munich"]
[Date "2003.02.14"]
[Round "7"]
[White "Schaffranietz, Horst"]
[Black "Daurer, Walter"]
[Result "0-1"]
[WhiteElo "1858"]
[BlackElo "2024"]
[PlyCount "25"]
[EventDate "2003.01.17"]
[EventType "tourn"]
[EventRounds "9"]
[EventCountry "GER"]
[SourceTitle "EXT 2006"]
[Source "ChessBase"]
[SourceDate "2005.11.24"]
[SourceVersion "1"]
[SourceVersionDate "2005.11.24"]
[SourceQuality "1"]

1. e4 c5 2. b4 cxb4 3. a3 d5 4. e5 e6 5. axb4 Bxb4 6. Qg4 Bf8 7. Ba3 Nh6 8. Qa4+ Bd7 9. Bb5 Nc6 10. Bxf8 Kxf8 11. Nf3 Nf5 12. 0-0 g6 13. c4 0-1

[Event "Munich-ch VM1"]
[Site "Munich"]
[Date "2003.01.31"]
[Round "4"]
[White "Waltenberger, Udo"]
[Black "Schaffranietz, Horst"]
[Result "1-0"]
[WhiteElo "1940"]
[BlackElo "1858"]
[PlyCount "147"]
[EventDate "2003.01.17"]
[EventType "tourn"]
[EventRounds "9"]
[EventCountry "GER"]
[SourceTitle "EXT 2006"]
[Source "ChessBase"]
[SourceDate "2005.11.24"]
[SourceVersion "1"]
[SourceVersionDate "2005.11.24"]
[SourceQuality "1"]

1. d4 Nf6 2. Nf3 g6 3. c4 Bg7 4. g3 0-0 5. Bg2 d6 6. 0-0 Nbd7 7. Nc3 c5 8. b3 a6 9. Bb2 Rb8 10. a4 Re8 11. dxc5 Nxc5 12. b4 Ne6 13. Rc1 Bd7 14. Qb3 b5 15. axb5 axb5 16. Nxb5 Bxb5 17. cxb5 Rxb5 18. Nd4 Nxd4 19. Bxd4 Qb8 20. Bc3 Rc8 21. Bd2 d5 22. Rxc8+ Qxc8 23. Rc1 Qb7 24. Qc2 h6 25. Qc8+ Kh7 26. Qxb7 Rxb7 27. e3 e6 28. Bf1 Ne4 29. Be1 Nd6 30. Rc6 Bf8 31. Ra6 Nc4 32. Ra1 Bg7 33. Ra8 Rc7 34. Rb8 Ne5 35. f4 Nf3+ 36. Kf2 Nxh2 37. Bd3 Bc3 38. b5 Ng4+ 39. Ke2 Bxe1 40. Kxe1 Nxe3 41. b6 Rc3 42. Kd2 d4 43. b7 Rb3 44. Ba6 Rb2+ 45. Kc1 Rc2+ 46. Kb1 Rc6 47. Ra8 Nd5 48. b8Q Rb6+ 49. Qxb6 Nxb6 50. Rd8 Nd5 51. Bb7 Nc3+ 52. Kc2 Ne2 53. Kd3 Nxg3 54. Kxd4 h5 55. Ke5 Kg7 56. Rd7 h4 57. Bg2 Nh5 58. Bh3 Kf8 59. Bg4 Ng7 60. Kf6 Ne8+ 61. Kg5 Kg8 62. Kxh4 Nf6 63. Ra7 Kf8 64. Bf3 Kg7 65. Kg3 Nh7 66. Kf2 Kf6 67. Ke3 Nf8 68. Bc6 e5 69. Bd5 exf4+ 70. Kxf4 Ne6+ 71. Bxe6 Kxe6 72. Kg5 f5 73. Ra4 Ke5 74. Rf4 1-0

[Event "Regionalliga SW 0001"]
[Site "Bayern"]
[Date "2001.01.28"]
[Round "5.7"]
[White "Schaffranietz, Horst"]
[Black "Glaessner, Robert"]
[Result "0-1"]
[WhiteElo "1855"]
[BlackElo "1920"]
[PlyCount "72"]
[EventDate "2000.10.15"]
[EventType "team-tourn"]
[EventRounds "9"]
[EventCountry "GER"]
[SourceTitle "EXT 2020"]
[Source "ChessBase"]
[SourceDate "2019.10.17"]
[SourceVersion "1"]
[SourceVersionDate "2019.10.17"]
[SourceQuality "1"]
[WhiteTeam "Pasing II"]
[BlackTeam "Burlafingen"]
[WhiteTeamCountry "GER"]
[BlackTeamCountry "GER"]

1. e4 e6 2. d4 d5 3. Nc3 Nf6 4. Bg5 Bb4 5. e5 h6 6. Bd2 Bxc3 7. Bxc3 Ne4 8. Bb4 c5 9. dxc5 Nc6 10. Bb5 Nxf2 11. Qd4 Nxh1 12. Nf3 Bd7 13. Bxc6 Bxc6 14. 0-0-0 Qe7 15. Rxh1 0-0-0 16. h4 f5 17. Qc3 g5 18. Nd4 gxh4 19. Qa3 Kb8 20. Bd2 Rdg8 21. b4 Rg3 22. c3 Bd7 23. Bf4 Rg4 24. Be3 f4 25. Bf2 Rxg2 26. Bxh4 Qg7 27. Nf3 Qg4 28. c4 Rg8 29. b5 Qf5 30. Qc3 dxc4 31. c6 bxc6 32. Rd1 Bc8 33. Nd4 Qe4 34. Qa5 cxb5 35. Qxb5+ Bb7 36. Qc5 Qe3+ 0-1

[Event "Regionalliga SW 9697"]
[Site "Bayern"]
[Date "1997.??.??"]
[Round "?"]
[White "Daurer, Walter"]
[Black "Schaffranietz, Horst"]
[Result "1-0"]
[WhiteElo "2075"]
[BlackElo "1895"]
[PlyCount "83"]
[EventDate "1996.10.??"]
[EventType "team-tourn"]
[EventRounds "9"]
[EventCountry "GER"]
[SourceTitle "EXT 1999"]
[Source "ChessBase"]
[SourceDate "1998.11.16"]
[SourceVersion "1"]
[SourceVersionDate "1998.11.16"]
[SourceQuality "1"]
[WhiteTeam "Kriegshaber SK"]
[BlackTeam "Pasing II"]
[WhiteTeamCountry "GER"]
[BlackTeamCountry "GER"]

1. e4 d6 2. d4 g6 3. Nf3 Bg7 4. Bd3 Bg4 5. c3 Nf6 6. h3 Bxf3 7. Qxf3 Nc6 8. 0-0 0-0 9. Na3 a6 10. Re1 e5 11. Nc2 Nd7 12. Be3 Ne7 13. Bg5 c5 14. dxc5 Nxc5 15. Rad1 f6 16. Bc4+ Kh8 17. Be3 Qc7 18. Bxc5 dxc5 19. Ne3 Rad8 20. Rxd8 Rxd8 21. Rd1 b5 22. Bd5 Rd6 23. h4 Qd8 24. h5 g5 25. g3 h6 26. Kg2 Qd7 27. a3 c4 28. a4 Bf8 29. axb5 axb5 30. g4 Kg7 31. Ra1 Rb6 32. Kg3 Rd6 33. Ra8 Rb6 34. Qd1 b4 35. Nxc4 Nxd5 36. Nxb6 Nxb6 37. Qxd7+ Nxd7 38. Ra7 Kf7 39. Rxd7+ Ke6 40. Ra7 bxc3 41. bxc3 Kd6 42. Kf3 1-0

[Event "Regionalliga SW 9697"]
[Site "Bayern"]
[Date "1997.??.??"]
[Round "?"]
[White "Lux, Werner"]
[Black "Schaffranietz, Horst"]
[Result "1-0"]
[WhiteElo "1735"]
[BlackElo "1895"]
[PlyCount "77"]
[EventDate "1996.10.??"]
[EventType "team-tourn"]
[EventRounds "9"]
[EventCountry "GER"]
[SourceTitle "EXT 1999"]
[Source "ChessBase"]
[SourceDate "1998.11.16"]
[SourceVersion "1"]
[SourceVersionDate "1998.11.16"]
[SourceQuality "1"]
[WhiteTeam "Tuerkheim"]
[BlackTeam "Pasing II"]
[WhiteTeamCountry "GER"]
[BlackTeamCountry "GER"]

1. e4 e5 2. f4 d5 3. exd5 e4 4. Nc3 Nf6 5. Bc4 Bg4 6. Nge2 Bc5 7. d4 exd3 8. Qxd3 0-0 9. Bd2 a6 10. 0-0-0 Nbd7 11. h3 Bxe2 12. Qxe2 Re8 13. Qf3 b5 14. Bd3 Nb6 15. Ne4 Nxe4 16. Bxe4 Nc4 17. Bc3 Nd6 18. Rhe1 Rb8 19. g4 Qh4 20. Be5 b4 21. Bxd6 cxd6 22. Re2 a5 23. Rde1 g6 24. f5 Re5 25. fxg6 hxg6 26. Rf1 Rf8 27. Kb1 Kg7 28. Rg2 Qe7 29. Re2 a4 30. Rfe1 Qh4 31. Rf1 a3 32. b3 Qe7 33. h4 Qxh4 34. Rh1 Qd8 35. Reh2 f5 36. Rh7+ Kf6 37. g5+ Kxg5 38. Qg3+ Kf6 39. Qh4+ 1-0